[Event "Roncana op-C 10th"]
[Site "Santa Eulalia de Roncana"]
[Date "2016.10.08"]
[Round "3"]
[White "Vazquez Viladrosa, Victor"]
[Black "Birling, Niel"]
[Result "0-1"]
[WhiteElo "1647"]
[BlackElo "1634"]
[PlyCount "44"]
[EventDate "2016.09.24"]
[EventType "swiss"]
[EventRounds "8"]
[EventCountry "ESP"]
[SourceTitle "EXT 2018"]
[Source "ChessBase"]
[SourceDate "2017.10.13"]
[SourceVersion "1"]
[SourceVersionDate "2017.10.13"]
[SourceQuality "1"]

1. e4 e5 2. Nc3 Nf6 3. Nf3 Bc5 4. Bc4 Nc6 5. d3 Ng4 6. 0-0 d6 7. Bg5 Qd7 8. Bb5 0-0 9. Bxc6 bxc6 10. d4 exd4 11. Nxd4 Bxd4 12. Qxd4 Qe6 13. Be3 Qg6 14. Bf4 Be6 15. Rad1 Rad8 16. Rb1 d5 17. Rbc1 dxe4 18. Rfe1 Rxd4 19. Nxe4 Rxe4 20. Rcd1 Qh5 21. f3 Rxf4 22. Rf1 Qxh2# 0-1

[Event "Roncana op-C 10th"]
[Site "Santa Eulalia de Roncana"]
[Date "2016.10.01"]
[Round "2"]
[White "Birling, Niel"]
[Black "Rodriguez Manzaneque, Trejo Erick"]
[Result "0-1"]
[WhiteElo "1634"]
[BlackElo "1718"]
[PlyCount "34"]
[EventDate "2016.09.24"]
[EventType "swiss"]
[EventRounds "8"]
[EventCountry "ESP"]
[SourceTitle "EXT 2018"]
[Source "ChessBase"]
[SourceDate "2017.10.13"]
[SourceVersion "1"]
[SourceVersionDate "2017.10.13"]
[SourceQuality "1"]

1. e4 e6 2. Nf3 d5 3. Nc3 Bb4 4. Bb5+ c6 5. Bd3 Bd7 6. Ne5 Nf6 7. 0-0 0-0 8. Be2 Bd6 9. Nxd7 Nbxd7 10. Bd3 Nc5 11. Be2 Nfxe4 12. Nxe4 Nxe4 13. Bf3 Qh4 14. h3 Qf4 15. g3 Nxg3 16. d3 Ne2+ 17. Qxe2 Qh2# 0-1